[Event "Titled Tuesday intern op 09th Jan Early"]
[Site "Chess.com INT"]
[Date "2024.01.09"]
[Round "3"]
[White "Gevorgyan, Maria"]
[Black "Isajevsky, Anton"]
[Result "0-1"]
[WhiteElo "2272"]
[BlackElo "2417"]
[PlyCount "104"]
[EventDate "2024.01.09"]
[EventType "swiss (blitz)"]
[EventRounds "11"]
[EventCountry "USA"]
[SourceTitle "CB03_2024"]
[SourceDate "2024.01.17"]
[SourceVersion "1"]
[SourceVersionDate "2024.01.17"]
[SourceQuality "1"]

1. e4 c5 2. Nc3 d6 3. d4 cxd4 4. Qxd4 e5 5. Qd2 Nf6 6. b3 Be7 7. Bb2 0-0 8. 0-0-0 Nc6 9. Kb1 Be6 10. f4 exf4 11. Qxf4 Qa5 12. Nf3 Rac8 13. h3 Rfd8 14. Ng5 Ne5 15. Nd5 Bxd5 16. exd5 Nfd7 17. Bd3 Bxg5 18. Qxg5 f6 19. Qh4 Nxd3 20. Rxd3 Re8 21. Rg3 Re1+ 22. Rxe1 Qxe1+ 23. Bc1 Qe2 24. c4 b5 25. Re3 Qxg2 26. Rg3 Qe2 27. Qh6 Qe4+ 28. Kb2 g6 29. Re3 Qd4+ 30. Kb1 Ne5 31. Bb2 Qd1+ 32. Bc1 bxc4 33. Rc3 Qxd5 34. Qf4 f5 35. Qf2 Rc7 36. h4 Rb7 37. h5 cxb3 38. a3 b2 39. Rc8+ Kf7 40. Bxb2 Nc4 41. Rxc4 Qxc4 42. hxg6+ hxg6 43. Qh2 Qe4+ 44. Ka1 Rxb2 45. Kxb2 Qe5+ 46. Qxe5 dxe5 47. Kc3 g5 48. Kc4 g4 49. Kb5 g3 50. Ka6 g2 51. Kxa7 g1Q+ 52. Kb7 Qa1 0-1

[Event "Titled Tuesday intern op 09th Jan Early"]
[Site "Chess.com INT"]
[Date "2024.01.09"]
[Round "2"]
[White "Tarhan, Adar"]
[Black "Gevorgyan, Maria"]
[Result "1-0"]
[WhiteElo "2420"]
[BlackElo "2272"]
[PlyCount "59"]
[EventDate "2024.01.09"]
[EventType "swiss (blitz)"]
[EventRounds "11"]
[EventCountry "USA"]
[SourceTitle "CB03_2024"]
[SourceDate "2024.01.17"]
[SourceVersion "1"]
[SourceVersionDate "2024.01.17"]
[SourceQuality "1"]

1. e4 c5 2. Nf3 Nc6 3. Bb5 g6 4. Bxc6 dxc6 5. h3 Bg7 6. 0-0 Nf6 7. d3 Nd7 8. a4 a5 9. Na3 e5 10. Nc4 0-0 11. Bd2 b6 12. Bc3 Qc7 13. Nh2 Ba6 14. Ne3 Rfe8 15. Qg4 Nf8 16. Qh4 Ne6 17. Nhg4 Kh8 18. f4 Nxf4 19. Rxf4 h5 20. Rff1 Re6 21. Nf5 gxf5 22. exf5 Rh6 23. Nxh6 Bxh6 24. Qxh5 Kh7 25. Bd2 Qd6 26. f6 Qf8 27. Rae1 c4 28. Rxe5 cxd3 29. Bxh6 Qxh6 30. Qxf7+ 1-0

[Event "Titled Tuesday intern op 26th Sep Early"]
[Site "Chess.com INT"]
[Date "2023.09.26"]
[Round "4"]
[White "Gevorgyan, Maria"]
[Black "Vlassov, Nikolai"]
[Result "0-1"]
[WhiteElo "2260"]
[BlackElo "2283"]
[PlyCount "58"]
[EventDate "2023.09.26"]
[EventType "swiss (blitz)"]
[EventRounds "11"]
[EventCountry "USA"]
[SourceTitle "EXT 2024"]
[Source "ChessBase"]
[SourceDate "2023.10.10"]
[SourceVersion "1"]
[SourceVersionDate "2023.10.10"]
[SourceQuality "1"]

1. e4 Nc6 2. Nf3 d5 3. exd5 Qxd5 4. Nc3 Qa5 5. d4 Bg4 6. h3 Bxf3 7. Qxf3 0-0-0 8. Qxf7 e5 9. d5 Nd4 10. Bd3 Nf6 11. 0-0 Rd7 12. Bf5 Nxf5 13. Qe6 Nd4 14. Qxe5 Nxc2 15. Rb1 Bd6 16. Qf5 Nd4 17. Qd3 c5 18. a3 Bb8 19. b4 Qc7 20. f4 Nxd5 21. Ne4 Ne6 22. Qf3 Ndxf4 23. Bxf4 Qxf4 24. bxc5 Qh2+ 25. Kf2 Rf8 26. Ng5 Rxf3+ 27. Nxf3 Bg3+ 28. Ke3 Qxg2 29. c6 Bf4+ 0-1

[Event "Titled Tuesday intern op 26th Sep Early"]
[Site "Chess.com INT"]
[Date "2023.09.26"]
[Round "3"]
[White "Kim, Sergey2222"]
[Black "Gevorgyan, Maria"]
[Result "0-1"]
[WhiteElo "2295"]
[BlackElo "2260"]
[PlyCount "90"]
[EventDate "2023.09.26"]
[EventType "swiss (blitz)"]
[EventRounds "11"]
[EventCountry "USA"]
[SourceTitle "EXT 2024"]
[Source "ChessBase"]
[SourceDate "2023.10.10"]
[SourceVersion "1"]
[SourceVersionDate "2023.10.10"]
[SourceQuality "1"]

1. d4 Nf6 2. c4 c5 3. d5 e6 4. Nc3 exd5 5. cxd5 d6 6. e4 g6 7. Nge2 Bg7 8. Ng3 h5 9. Be2 Nbd7 10. 0-0 h4 11. Nh1 a6 12. a4 Qe7 13. Bg5 Nf8 14. f3 h3 15. g4 N8h7 16. Be3 Bd7 17. Ng3 Nf8 18. Qd2 Ng8 19. Rae1 Be5 20. f4 Bg7 21. e5 dxe5 22. d6 Qh4 23. f5 Nf6 24. Bg5 Qh7 25. Bc4 0-0-0 26. Bxf7 gxf5 27. gxf5 Bh6 28. Bc4 Ng4 29. Nd5 Kb8 30. Ne7 Qg7 31. Bxh6 Rxh6 32. Bd5 Bxa4 33. Qe2 Rhxd6 34. Qf3 Qxe7 35. f6 Rxf6 36. Qxg4 Rxd5 37. Rxf6 Qxf6 38. Rf1 Qd8 39. Qxa4 Ne6 40. Qe4 Nf4 41. Qf3 Rd2 42. Qe3 Qd5 43. Rf2 Rd1+ 44. Nf1 Rxf1+ 45. Kxf1 Qh1# 0-1

[Event "Sharjah Blitz"]
[Site "Sharjah"]
[Date "2023.03.28"]
[Round "4"]
[White "Amin, Bassem"]
[Black "Gevorgyan, Maria"]
[Result "1-0"]
[WhiteElo "2691"]
[BlackElo "2260"]
[PlyCount "43"]
[EventDate "2023.03.28"]
[EventType "swiss (blitz)"]
[EventRounds "9"]
[EventCountry "UAE"]
[SourceTitle "CBM 213 Extra"]
[Source "ChessBase"]
[SourceDate "2023.05.31"]
[SourceVersion "1"]
[SourceVersionDate "2023.05.31"]
[SourceQuality "1"]

1. Nf3 Nf6 2. g3 g6 3. Bg2 Bg7 4. 0-0 0-0 5. d3 d5 6. Nbd2 c5 7. e4 Nc6 8. Re1 e5 9. exd5 Nxd5 10. c3 Re8 11. Qb3 Nc7 12. Ne4 Ne6 13. Nfg5 Qc7 14. Qb5 Nxg5 15. Bxg5 h6 16. Be3 Bf5 17. Nxc5 Rab8 18. Rad1 a6 19. Qc4 Rbd8 20. Nxa6 bxa6 21. Qxc6 Qa5 22. Bb6 1-0

[Event "ARM-ch (Women) 78th"]
[Site "Yerevan"]
[Date "2023.01.19"]
[Round "7"]
[White "Gevorgyan, Maria"]
[Black "Khachatryan, Veronika"]
[Result "1/2-1/2"]
[WhiteElo "2269"]
[BlackElo "2023"]
[PlyCount "148"]
[EventDate "2023.01.13"]
[EventType "tourn"]
[EventRounds "9"]
[EventCountry "ARM"]
[SourceTitle "CBM 212 Extra"]
[Source "ChessBase"]
[SourceDate "2023.03.31"]
[SourceVersion "1"]
[SourceVersionDate "2023.03.31"]
[SourceQuality "1"]

1. b4 e5 2. Bb2 Bxb4 3. Bxe5 Nf6 4. e3 0-0 5. Nf3 d6 6. Bb2 c6 7. h3 Re8 8. Bd3 Nbd7 9. c3 Ne5 10. Nxe5 dxe5 11. Bxh7+ Nxh7 12. cxb4 Qg5 13. Qf3 e4 14. Qg3 Qxg3 15. fxg3 a5 16. a3 axb4 17. axb4 Rxa1 18. Bxa1 Be6 19. 0-0 Bc4 20. Rf4 Bd3 21. Nc3 Nf8 22. Bb2 Nd7 23. Nd1 f6 24. Bd4 b6 25. g4 c5 26. bxc5 bxc5 27. Bc3 Nb6 28. g5 fxg5 29. Rf5 Rf8 30. Rxf8+ Kxf8 31. Kf2 Nd5 32. Be5 Kf7 33. Kg3 Kg6 34. Nb2 Bb5 35. Bd6 c4 36. Be5 Ne7 37. Nd1 Ba4 38. Nc3 Bc2 39. Nb5 Nc6 40. Bc3 Bd3 41. Nd6 Ne7 42. Kf2 Nd5 43. Bb2 Nc7 44. Be5 Ne6 45. Ke1 Nd8 46. Bc3 Ne6 47. Kf2 Nc5 48. Kg3 Ne6 49. Nc8 Be2 50. Ne7+ Kf7 51. Nc6 Ke8 52. Bb2 Kd7 53. Ne5+ Ke7 54. Kf2 Bd3 55. Nxd3 cxd3 56. Kg3 Kf7 57. Kg4 Kg6 58. Be5 Nc5 59. h4 gxh4 60. Kf4 Kh6 61. Bd6 g5+ 62. Kf5 Nb3 63. Bb4 Kh5 64. Kxe4 Kg4 65. Kxd3 Kg3 66. e4 Kxg2 67. e5 h3 68. e6 h2 69. e7 h1Q 70. e8Q Qf1+ 71. Kc3 Qf3+ 72. d3 Nc1 73. Qe4 g4 74. Kd2 Nxd3 1/2-1/2

[Event "ARM-ch (Women) 78th"]
[Site "Yerevan"]
[Date "2023.01.14"]
[Round "2"]
[White "Kobak, Polina"]
[Black "Gevorgyan, Maria"]
[Result "1-0"]
[WhiteElo "1733"]
[BlackElo "2269"]
[PlyCount "83"]
[EventDate "2023.01.13"]
[EventType "tourn"]
[EventRounds "9"]
[EventCountry "ARM"]
[SourceTitle "CBM 212 Extra"]
[Source "ChessBase"]
[SourceDate "2023.03.31"]
[SourceVersion "1"]
[SourceVersionDate "2023.03.31"]
[SourceQuality "1"]

1. d4 Nf6 2. c4 e6 3. Nf3 c5 4. d5 exd5 5. cxd5 d6 6. Nc3 g6 7. e4 a6 8. a4 Bg4 9. Be2 Bxf3 10. Bxf3 Bg7 11. 0-0 0-0 12. Bf4 Qe7 13. e5 dxe5 14. d6 Qe6 15. Re1 Ne8 16. Be3 Nc6 17. Bd5 Qxd6 18. Ne4 Qc7 19. Bxc6 Qxc6 20. Bxc5 h6 21. Rc1 Qe6 22. Bxf8 Bxf8 23. Nc5 Qe7 24. Qd5 Qh4 25. Qxb7 Rd8 26. Qxa6 Nf6 27. h3 Bxc5 28. Rxc5 Rd2 29. Qa8+ Kg7 30. Qf3 e4 31. Qg3 Qxg3 32. fxg3 Rxb2 33. Ra1 e3 34. Re5 Rb3 35. a5 Nd7 36. Re7 Rd3 37. a6 Kf6 38. Rxd7 Rxd7 39. a7 e2 40. Kf2 Rd1 41. Ra6+ Kg7 42. Kxe2 1-0

[Event "EU-ch (Women) 22nd"]
[Site "Prague"]
[Date "2022.08.31"]
[Round "11"]
[White "Injac, Teodora"]
[Black "Gevorgyan, Maria"]
[Result "1-0"]
[WhiteElo "2389"]
[BlackElo "2216"]
[PlyCount "141"]
[EventDate "2022.08.20"]
[EventType "swiss"]
[EventRounds "11"]
[EventCountry "CZE"]
[SourceTitle "CBM 209 Extra"]
[Source "ChessBase"]
[SourceDate "2022.09.30"]
[SourceVersion "1"]
[SourceVersionDate "2022.09.30"]
[SourceQuality "1"]

1. d4 Nf6 2. c4 g6 3. Nc3 Bg7 4. e4 d6 5. Be2 0-0 6. Nf3 c5 7. 0-0 cxd4 8. Nxd4 Nc6 9. Be3 Bd7 10. Qd2 Nxd4 11. Bxd4 Bc6 12. f3 a5 13. b3 Nd7 14. Be3 Nc5 15. Rac1 Qb6 16. Nd5 Bxd5 17. cxd5 Qb4 18. Rfd1 Rfc8 19. Rc2 Nd7 20. Rdc1 Rxc2 21. Rxc2 Qxd2 22. Bxd2 Bd4+ 23. Kf1 Bc5 24. Bb5 Nf6 25. Ke2 e6 26. dxe6 fxe6 27. Be3 b6 28. Bxc5 bxc5 29. e5 dxe5 30. Rxc5 Nd5 31. a4 Kf7 32. Bc4 Nf4+ 33. Ke3 Nxg2+ 34. Ke4 Kf6 35. Rxe5 h5 36. f4 Kg7 37. Rxe6 Rf8 38. Re7+ Kh6 39. Rf7 Re8+ 40. Kd4 h4 41. f5 g5 42. Rf6+ Kh7 43. Re6 Rd8+ 44. Ke5 Nf4 45. Ra6 Rd2 46. f6 Rxh2 47. f7 Kg7 48. Kf5 Rf2 49. Kxg5 h3 50. Rf6 Ne6+ 51. Rxe6 Rg2+ 52. Kf4 h2 53. f8Q+ Kxf8 54. Rh6 Kg7 55. Rh3 Kf6 56. Kf3 Rc2 57. Kg3 Kg5 58. Rxh2 Rc3+ 59. Kg2 Rc2+ 60. Kg1 Rc1+ 61. Bf1 Kf4 62. Rh5 Rb1 63. Rxa5 Rxb3 64. Ra8 Kf3 65. a5 Rb4 66. Rf8+ Ke3 67. a6 Ra4 68. Rf7 Ra1 69. Kh2 Kd4 70. a7 Kc5 71. Bg2 1-0

[Event "EU-ch (Women) 22nd"]
[Site "Prague"]
[Date "2022.08.30"]
[Round "10"]
[White "Gevorgyan, Maria"]
[Black "Mkrtchian, Lilit"]
[Result "0-1"]
[WhiteElo "2216"]
[BlackElo "2362"]
[PlyCount "68"]
[EventDate "2022.08.20"]
[EventType "swiss"]
[EventRounds "11"]
[EventCountry "CZE"]
[SourceTitle "CBM 209 Extra"]
[Source "ChessBase"]
[SourceDate "2022.09.30"]
[SourceVersion "1"]
[SourceVersionDate "2022.09.30"]
[SourceQuality "1"]

1. c4 e6 2. Nf3 Nf6 3. g3 a6 4. Bg2 b5 5. Nd4 c6 6. cxb5 axb5 7. Nxb5 cxb5 8. Bxa8 d5 9. Qc2 Bd7 10. a4 Qa5 11. Bb7 b4 12. 0-0 Bd6 13. d3 Qa7 14. Bc8 Bc6 15. a5 Ke7 16. a6 Rxc8 17. Be3 d4 18. Bxd4 Qxd4 19. a7 Nbd7 20. Qxc6 Rxc6 21. a8Q Rc2 22. Qh8 Rxe2 23. Ra8 Bc7 24. Nc3 bxc3 25. bxc3 Qxd3 26. c4 Qxc4 27. Rc8 g6 28. Qg7 Qc5 29. Qh6 Ne4 30. Qc1 Qxc1 31. Rxc1 Bb6 32. R1c2 Bxf2+ 33. Kg2 Rxc2 34. Rxc2 h5 0-1

[Event "ARM-ch HL (Women) 77th"]
[Site "Yerevan"]
[Date "2022.01.20"]
[Round "9"]
[White "Gevorgyan, Maria"]
[Black "Mkrtchyan, Mariam"]
[Result "0-1"]
[WhiteElo "2218"]
[BlackElo "2300"]
[PlyCount "126"]
[EventDate "2022.01.12"]
[EventType "tourn"]
[EventRounds "9"]
[EventCountry "ARM"]
[SourceTitle "CBM 206 Extra"]
[Source "ChessBase"]
[SourceDate "2022.03.31"]
[SourceVersion "1"]
[SourceVersionDate "2022.03.31"]
[SourceQuality "1"]

1. e4 c6 2. Nf3 d5 3. Nc3 Bg4 4. d4 e6 5. Bd3 Nf6 6. 0-0 Be7 7. Be3 Bh5 8. Re1 dxe4 9. Nxe4 Nxe4 10. Bxe4 Nd7 11. c4 Nf6 12. Bd3 0-0 13. h3 c5 14. dxc5 Bxf3 15. gxf3 a5 16. a3 a4 17. Kh1 Qc7 18. Rg1 Kh8 19. Qd2 Rad8 20. Qc3 e5 21. Rae1 Bxc5 22. Bf1 Rfe8 23. Qc1 Bf8 24. Bg5 Qc6 25. Qc3 h6 26. Bc1 Nd7 27. Bg2 f5 28. Qc2 g6 29. Bd2 Nc5 30. Bc3 Bg7 31. Re3 Qc7 32. Rge1 Kh7 33. Qe2 f4 34. Bxe5 Bxe5 35. Rxe5 Rxe5 36. Qxe5 Qxe5 37. Rxe5 Rd1+ 38. Kh2 b6 39. Rd5 Rxd5 40. cxd5 Kg7 41. Bf1 Kf6 42. Bc4 Ke5 43. h4 Kd4 44. Ba2 Kd3 45. Bb1+ Kd2 46. Kh3 Kc1 47. b4 axb3 48. Bxg6 Nd7 49. Bf5 Ne5 50. d6 b2 51. d7 Nxd7 52. Kg4 Nc5 53. Kh5 Nb3 54. Kxh6 Nd4 55. Be4 Nc2 56. h5 b1Q 57. Kh7 Qb3 58. Bg6 Nd4 59. h6 Ne6 60. Bf5 Ng5+ 61. Kg6 Qg8+ 62. Kh5 Nh7 63. Bg6 Qd5+ 0-1

[Event "ARM-ch HL (Women) 77th"]
[Site "Yerevan"]
[Date "2022.01.13"]
[Round "2"]
[White "Gaboyan, Susanna"]
[Black "Gevorgyan, Maria"]
[Result "1-0"]
[WhiteElo "2254"]
[BlackElo "2218"]
[PlyCount "117"]
[EventDate "2022.01.12"]
[EventType "tourn"]
[EventRounds "9"]
[EventCountry "ARM"]
[SourceTitle "CBM 206 Extra"]
[Source "ChessBase"]
[SourceDate "2022.03.31"]
[SourceVersion "1"]
[SourceVersionDate "2022.03.31"]
[SourceQuality "1"]

1. Nf3 Nf6 2. g3 b6 3. Bg2 Bb7 4. 0-0 g6 5. d3 Bg7 6. e4 0-0 7. Nc3 c5 8. Bf4 d6 9. Qd2 Nbd7 10. Bh6 a6 11. a4 Ne8 12. Bxg7 Kxg7 13. Ng5 h6 14. Nh3 e6 15. f4 f5 16. exf5 Bxg2 17. Qxg2 exf5 18. Rae1 Ndf6 19. Re2 d5 20. Rfe1 Ra7 21. Nf2 d4 22. Nb1 Nd5 23. Na3 Nef6 24. Nc4 b5 25. Ne5 Qd6 26. Qf3 Re7 27. Nd1 bxa4 28. Nc4 Rxe2 29. Rxe2 Qd7 30. Re5 Re8 31. Nf2 Rxe5 32. fxe5 Ng8 33. h4 Nge7 34. Nh3 Qb5 35. Kh2 Qc6 36. Nf4 Nxf4 37. Qxf4 Nd5 38. Qf3 Qe6 39. Kg2 Ne7 40. Kh2 Qd5 41. Qf4 Qe6 42. Kg2 Nd5 43. Qf3 g5 44. hxg5 hxg5 45. Qh5 Qg6 46. Qf3 Qc6 47. Kg1 Ne7 48. Qh5 Qg6 49. Qf3 g4 50. Qb7 Qe6 51. Qb6 Qc6 52. Qd8 Kf7 53. Nd6+ Ke6 54. Ne8 Nd5 55. Nd6 Qd7 56. Qh8 Ne3 57. Qf6+ Kd5 58. Nc8 Nc4 59. Ne7+ 1-0

[Event "Titled Tuesday intern op 28th Dec"]
[Site "Chess.com INT"]
[Date "2021.12.28"]
[Round "2"]
[White "Gevorgyan, Maria"]
[Black "Kiseleva, Arina"]
[Result "1-0"]
[WhiteElo "2218"]
[BlackElo "1962"]
[PlyCount "55"]
[EventDate "2021.12.28"]
[EventType "swiss (blitz)"]
[EventRounds "11"]
[EventCountry "USA"]
[SourceTitle "CBM 206 Extra"]
[Source "ChessBase"]
[SourceDate "2022.03.31"]
[SourceVersion "1"]
[SourceVersionDate "2022.03.31"]
[SourceQuality "1"]

1. e4 c5 2. Nc3 Nc6 3. Bb5 e6 4. Bxc6 bxc6 5. d3 d5 6. Nge2 g6 7. 0-0 Bg7 8. f4 Ne7 9. Ng3 0-0 10. Nce2 Rb8 11. Rb1 Ba6 12. b3 c4 13. dxc4 dxc4 14. b4 Qb6+ 15. Kh1 c3 16. Rf3 Bc4 17. a3 a5 18. Nxc3 axb4 19. axb4 Rfd8 20. Qe1 Qd4 21. h3 c5 22. b5 Qd7 23. Ba3 Bxc3 24. Qxc3 Rxb5 25. Rxb5 Qxb5 26. Bb2 Rd1+ 27. Kh2 Bf1 28. Qg7# 1-0

[Event "Titled Tuesday intern op 07th Dec"]
[Site "Chess.com INT"]
[Date "2021.12.07"]
[Round "3"]
[White "Gevorgyan, Maria"]
[Black "Acosta Cruz, Oscar Yosimar"]
[Result "1-0"]
[WhiteElo "2218"]
[BlackElo "2164"]
[PlyCount "65"]
[EventDate "2021.12.07"]
[EventType "swiss (blitz)"]
[EventRounds "11"]
[EventCountry "USA"]
[SourceTitle "CBM 205 Extra"]
[Source "ChessBase"]
[SourceDate "2022.01.31"]
[SourceVersion "1"]
[SourceVersionDate "2022.01.31"]
[SourceQuality "1"]

1. e4 c5 2. Nc3 Nc6 3. Bb5 g6 4. Bxc6 bxc6 5. d3 Nf6 6. Be3 Bg7 7. h3 Rb8 8. Rb1 d5 9. Bxc5 dxe4 10. Bxa7 Rb7 11. Be3 exd3 12. cxd3 Nd5 13. Nge2 Nxe3 14. fxe3 0-0 15. 0-0 Rd7 16. d4 e5 17. Qa4 Re8 18. Qxc6 Bb7 19. Qc4 Qg5 20. d5 Qxe3+ 21. Kh1 Rc8 22. Qb5 Rcd8 23. Rf3 Qg5 24. Rbf1 f5 25. a4 e4 26. Rf4 Be5 27. a5 Bxf4 28. Nxf4 Qf6 29. Ne6 Rxd5 30. Nxd5 Bxd5 31. Nf4 Bf7 32. a6 Rc8 33. a7 1-0

[Event "Titled Tuesday intern op 07th Dec"]
[Site "Chess.com INT"]
[Date "2021.12.07"]
[Round "10"]
[White "Gevorgyan, Maria"]
[Black "Adewumi, Tanitoluwa"]
[Result "1-0"]
[WhiteElo "2218"]
[BlackElo "2136"]
[PlyCount "141"]
[EventDate "2021.12.07"]
[EventType "swiss (blitz)"]
[EventRounds "11"]
[EventCountry "USA"]
[SourceTitle "CBM 205 Extra"]
[Source "ChessBase"]
[SourceDate "2022.01.31"]
[SourceVersion "1"]
[SourceVersionDate "2022.01.31"]
[SourceQuality "1"]

1. e4 c6 2. d4 d5 3. e5 c5 4. dxc5 Nc6 5. Bb5 e6 6. b4 a5 7. c3 Nge7 8. Bd2 Ng6 9. Nf3 Qc7 10. Qe2 Bd7 11. Bxc6 Bxc6 12. 0-0 Ba4 13. a3 b6 14. cxb6 Qxb6 15. Be3 Qb5 16. Qd2 Qc4 17. Bd4 Bb5 18. Re1 axb4 19. cxb4 Be7 20. Nc3 Bd7 21. Ne2 0-0 22. Rec1 Qa6 23. Ng3 Bb5 24. Nh5 Rfc8 25. Ng5 Bd3 26. Nh3 Bf5 27. N5f4 Nxf4 28. Nxf4 Bg5 29. Be3 Bxf4 30. Bxf4 Rc4 31. Be3 Rac8 32. Bc5 Rxc1+ 33. Qxc1 Qd3 34. a4 Qb3 35. a5 d4 36. a6 d3 37. a7 Qd5 38. Qd2 Ra8 39. f3 h6 40. Rc1 Bg6 41. b5 Qxe5 42. b6 Qd5 43. Bf2 Qb7 44. Qb4 Rd8 45. Rc7 Qa6 46. b7 d2 47. Qxd2 Rxd2 48. b8Q+ Kh7 49. Be3 Rd1+ 50. Kf2 Qf1+ 51. Kg3 Qe1+ 52. Bf2 Qe5+ 53. Kh3 Bf5+ 54. g4 Rd3 55. Bg3 Rxf3 56. gxf5 Qxf5+ 57. Kg2 Qe4 58. a8Q Qe2+ 59. Kh3 Qf1+ 60. Kg4 Rxg3+ 61. Kxg3 Qg1+ 62. Qg2 Qe3+ 63. Qf3 Qg5+ 64. Kh3 f5 65. Rc8 Qd2 66. Rh8+ Kg6 67. Qe8+ Kf6 68. Rf8+ Ke5 69. Qb5+ Kd6 70. Rd8+ Ke7 71. Rxd2 1-0

[Event "Titled Tuesday intern op 07th Dec"]
[Site "Chess.com INT"]
[Date "2021.12.07"]
[Round "1"]
[White "Gevorgyan, Maria"]
[Black "Atakishiyev, Elmar"]
[Result "0-1"]
[WhiteElo "2218"]
[BlackElo "2240"]
[PlyCount "88"]
[EventDate "2021.12.07"]
[EventType "swiss (blitz)"]
[EventRounds "11"]
[EventCountry "USA"]
[SourceTitle "CBM 205 Extra"]
[Source "ChessBase"]
[SourceDate "2022.01.31"]
[SourceVersion "1"]
[SourceVersionDate "2022.01.31"]
[SourceQuality "1"]

1. e4 e6 2. d4 d5 3. Nc3 dxe4 4. Nxe4 Nd7 5. Nf3 Ngf6 6. Bg5 Be7 7. Nxf6+ Bxf6 8. Bxf6 Qxf6 9. c3 0-0 10. Bd3 c5 11. Kf1 cxd4 12. Nxd4 Nc5 13. Bxh7+ Kxh7 14. Qh5+ Kg8 15. Qxc5 e5 16. Ne2 b6 17. Qe3 Ba6 18. Re1 Rfe8 19. h3 Rad8 20. Kg1 Rd3 21. Qc1 Red8 22. Ng3 Qg6 23. Kh2 Rd2 24. Ne4 Bb7 25. Qb1 Rxf2 26. Rhg1 Rf4 27. Ng3 Rd3 28. Nf1 Rf2 29. Ne3 Be4 30. Ng4 Rxh3+ 31. Kxh3 Bxb1 32. Nxf2 Qh6+ 33. Kg3 Qf4+ 34. Kh3 Bf5+ 35. g4 Qf3+ 36. Rg3 Qxf2 37. Rxe5 Be6 38. Ree3 Qxb2 39. Rd3 Qxa2 40. Rg2 Qc4 41. Rd8+ Kh7 42. Kh4 Kg6 43. Rg3 Qf4 44. Rd4 Qh6# 0-1

[Event "Titled Tuesday intern op 07th Dec"]
[Site "Chess.com INT"]
[Date "2021.12.07"]
[Round "5"]
[White "Pershina, Elena"]
[Black "Gevorgyan, Maria"]
[Result "1-0"]
[WhiteElo "2114"]
[BlackElo "2218"]
[PlyCount "97"]
[EventDate "2021.12.07"]
[EventType "swiss (blitz)"]
[EventRounds "11"]
[EventCountry "USA"]
[SourceTitle "CBM 205 Extra"]
[Source "ChessBase"]
[SourceDate "2022.01.31"]
[SourceVersion "1"]
[SourceVersionDate "2022.01.31"]
[SourceQuality "1"]

1. e4 c5 2. c3 Nf6 3. e5 Nd5 4. d4 cxd4 5. Nf3 Nc6 6. Bc4 Nb6 7. Bb3 d5 8. cxd4 e6 9. 0-0 g6 10. Bg5 Qc7 11. Bf6 Rg8 12. Nbd2 Na5 13. Rc1 Nc6 14. a3 Bd7 15. Ng5 h6 16. Nh7 Bg7 17. Bxg7 Rxg7 18. Nf6+ Ke7 19. Nf3 g5 20. Qd3 Rg6 21. Nd2 Rh8 22. f4 gxf4 23. Rxf4 Nxe5 24. Qf1 Nc6 25. Nxd7 Nxd7 26. Rxf7+ Kd8 27. Ba4 Rhg8 28. g3 Rxg3+ 29. Kh1 R3g6 30. Bxc6 bxc6 31. Nb3 Qd6 32. Nc5 Nxc5 33. dxc5 Rg1+ 34. Qxg1 Rxg1+ 35. Rxg1 Qe7 36. Rg8+ Qe8 37. Rxe8+ Kxe8 38. Rxa7 Kf8 39. Kg2 Kg8 40. Kf3 Kf8 41. Kf4 Ke8 42. Ke5 Kd8 43. Kxe6 Kc8 44. Kd6 Kb8 45. Rd7 Kc8 46. Kxc6 Kb8 47. Rxd5 Kc8 48. Kb6 Kb8 49. Rd8# 1-0

[Event "Titled Tuesday intern op 07th Dec"]
[Site "Chess.com INT"]
[Date "2021.12.07"]
[Round "9"]
[White "Stepanencu, Nicodim Cosmin"]
[Black "Gevorgyan, Maria"]
[Result "0-1"]
[WhiteElo "2334"]
[BlackElo "2218"]
[PlyCount "107"]
[EventDate "2021.12.07"]
[EventType "swiss (blitz)"]
[EventRounds "11"]
[EventCountry "USA"]
[SourceTitle "CBM 205 Extra"]
[Source "ChessBase"]
[SourceDate "2022.01.31"]
[SourceVersion "1"]
[SourceVersionDate "2022.01.31"]
[SourceQuality "1"]

1. e4 c5 2. Nf3 Nc6 3. b3 g6 4. Bb2 Nf6 5. e5 Nd5 6. e6 f6 7. exd7+ Bxd7 8. Bc4 Nb6 9. Bd3 Bg7 10. 0-0 0-0 11. Re1 e5 12. a4 a5 13. Na3 Nd5 14. Bc4 Be6 15. c3 Bf7 16. d4 cxd4 17. cxd4 exd4 18. Nxd4 Nxd4 19. Bxd4 Nf4 20. Re4 g5 21. Bc5 Qxd1+ 22. Rxd1 Rfd8 23. Rde1 Bxc4 24. Rxc4 Rd7 25. Bb6 Nd3 26. Rd1 f5 27. Nb5 Re8 28. Kf1 Rde7 29. g3 Nb2 30. Rd5 Nxc4 31. bxc4 f4 32. Kg2 fxg3 33. hxg3 h6 34. Nd6 Rf8 35. Rxa5 Re6 36. Rd5 Rff6 37. c5 Re2 38. Nf5 Bf8 39. Bd8 Ra6 40. a5 Rae6 41. Bc7 Rc2 42. Bd6 Ra2 43. Nd4 Rf6 44. Bc7 Rfxf2+ 45. Kh3 Rf7 46. Ne6 Re2 47. Nxf8 Rxc7 48. Ne6 Rxe6 49. Kg4 Rec6 50. Kh5 Rxc5 51. Rd8+ Kg7 52. Rb8 Rxa5 53. g4 Ra1 54. Rxb7 0-1

[Event "Titled Tuesday intern op 16th Nov"]
[Site "Chess.com INT"]
[Date "2021.11.16"]
[Round "3"]
[White "Gevorgyan, Maria"]
[Black "Kiseleva, Arina"]
[Result "1-0"]
[WhiteElo "2218"]
[BlackElo "1970"]
[PlyCount "57"]
[EventDate "2021.11.16"]
[EventType "swiss (blitz)"]
[EventRounds "11"]
[EventCountry "USA"]
[SourceTitle "CBM 205 Extra"]
[Source "ChessBase"]
[SourceDate "2022.01.31"]
[SourceVersion "1"]
[SourceVersionDate "2022.01.31"]
[SourceQuality "1"]

1. e4 c6 2. d4 d5 3. e5 Bf5 4. h4 h5 5. Bd3 Bxd3 6. Qxd3 e6 7. Nf3 Nh6 8. c4 Nf5 9. Nc3 Nd7 10. cxd5 cxd5 11. Nxd5 Qa5+ 12. Nc3 Bb4 13. 0-0 Nb6 14. Ne4 Nd5 15. a3 Be7 16. Bd2 Qb6 17. b4 Nxh4 18. Nxh4 Bxh4 19. Nd6+ Kf8 20. Rac1 f5 21. Nxf5 exf5 22. Qxf5+ Kg8 23. Rc5 Ne7 24. Qe4 Ng6 25. Rfc1 Kh7 26. e6 Rae8 27. Rxh5+ Kg8 28. Qxg6 Rxh5 29. Qxe8+ 1-0

[Event "Titled Tuesday intern op 26th Oct"]
[Site "Chess.com INT"]
[Date "2021.10.26"]
[Round "3"]
[White "Coelho, Ramyres Santana"]
[Black "Gevorgyan, Maria"]
[Result "0-1"]
[WhiteElo "1981"]
[BlackElo "2218"]
[PlyCount "44"]
[EventDate "2021.10.26"]
[EventType "swiss (blitz)"]
[EventRounds "11"]
[EventCountry "USA"]
[SourceTitle "CBM 204 Extra"]
[Source "ChessBase"]
[SourceDate "2021.11.30"]
[SourceVersion "1"]
[SourceVersionDate "2021.11.30"]
[SourceQuality "1"]

1. e4 c5 2. Nf3 Nc6 3. d4 cxd4 4. Nxd4 g6 5. Nxc6 bxc6 6. Be2 Bg7 7. 0-0 Nf6 8. e5 Nd5 9. c4 Nc7 10. f4 0-0 11. Nc3 d6 12. exd6 exd6 13. Bf3 Bb7 14. Qa4 Bd4+ 15. Kh1 Ne6 16. f5 Nc5 17. Qd1 Be5 18. Ne4 Nxe4 19. Bxe4 Qh4 20. g3 Qxe4+ 21. Qf3 Qxf3+ 22. Rxf3 c5 0-1